Queen - We Are The Champions Lyrics - Statistics

General Stats
  • This quiz has been taken 1,729 times
  • The average score is 162 of 208
Answer Stats
Answer % Correct
a
100%
are
98%
champions
98%
the
98%
we
98%
We
98%
my
94%
no
93%
No
93%
Time
93%
time
93%
I
91%
And
89%
and
89%
for
89%
lose
88%
of
88%
on
86%
world
86%
end
85%
friends
85%
losers
85%
'Cause
84%
fighting
83%
keep
82%
'til
81%
we'll
79%
after
75%
I've
75%
paid
68%
But
67%
dues
67%
go
67%
crime
63%
made
61%
few
60%
mistakes
60%
sentence
59%
it
57%
done
56%
committed
55%
You
54%
you
54%
bad
53%
had
50%
to
50%
all
49%
come
48%
in
47%
through
47%
roses
45%
bed
44%
it's
43%
been
42%
that
42%
me
41%
face
40%
goes
40%
thank
39%
everything
38%
pleasure
37%
kicked
36%
with
36%
curtain
35%
fame
35%
fortune
35%
share
35%
calls
34%
taken
34%
cruise
33%
human
32%
race
32%
challenge
31%
consider
31%
gonna
29%
bows
28%
sand
28%
before
26%
brought
25%
ain't
23%
whole
23%
mean
9%
No matching quizzes found
Score Distribution
Percent of People with Each Score
Percentile by Number Answered
Your Score History
You have not taken this quiz